<?xml version="1.0" encoding="UTF-8"?><?xml-stylesheet type="text/xsl" href="static/style.xsl"?><OAI-PMH xmlns="http://www.openarchives.org/OAI/2.0/" xmlns:xsi="http://www.w3.org/2001/XMLSchema-instance" xsi:schemaLocation="http://www.openarchives.org/OAI/2.0/ http://www.openarchives.org/OAI/2.0/OAI-PMH.xsd"><responseDate>2026-04-13T00:48:17Z</responseDate><request verb="GetRecord" identifier="oai:www.recercat.cat:2072/431133" metadataPrefix="marc">https://recercat.cat/oai/request</request><GetRecord><record><header><identifier>oai:recercat.cat:2072/431133</identifier><datestamp>2025-04-27T03:31:50Z</datestamp><setSpec>com_2072_98</setSpec><setSpec>col_2072_378192</setSpec></header><metadata><record xmlns="http://www.loc.gov/MARC21/slim" xmlns:dcterms="http://purl.org/dc/terms/" xmlns:xsi="http://www.w3.org/2001/XMLSchema-instance" xmlns:doc="http://www.lyncode.com/xoai" xsi:schemaLocation="http://www.loc.gov/MARC21/slim http://www.loc.gov/standards/marcxml/schema/MARC21slim.xsd">
   <leader>00925njm 22002777a 4500</leader>
   <datafield ind2=" " ind1=" " tag="042">
      <subfield code="a">dc</subfield>
   </datafield>
   <datafield ind2=" " ind1=" " tag="720">
      <subfield code="a">Ballestín González, Beatriz</subfield>
      <subfield code="e">author</subfield>
   </datafield>
   <datafield ind2=" " ind1=" " tag="260">
      <subfield code="c">2009</subfield>
   </datafield>
   <datafield ind2=" " ind1=" " tag="520">
      <subfield code="a">Este artículo señala una serie de aspectos metodológicos a partir del trabajo doctoral de la autora, centrado en el análisis de construcciones identitarias de los niños y niñas de origen inmigrante extranjero en la comarca catalana del Maresme (España). La autora pretende contribuir a la reflexión sobre los condicionantes que marcan la Observación Participante (O.P.) con el colectivo infantil, siendo el principal de ellos la estructura de poder adultocéntrica que mediatiza las relaciones entre niños y adultos en nuestra sociedad. Esta estructura considera a los actores infantiles como versiones inacabadas, proyectadas hacia el futuro (adults-in-the-making), de las personas adultas y emerge con especial fuerza en la escuela, que la institucionaliza y legitima. Tomando como punto de partida estos condicionantes, se relatan una serie de prácticas estratégicas que resultaron de suma utilidad para construir la relación de empatía con la que se accedió a las culturas infantiles de la población objeto de estudio y, en último término, para entender la infancia como un grupo social activo y creativo, que crea sus propios sistemas de relaciones y significados.</subfield>
   </datafield>
   <datafield ind2=" " ind1=" " tag="520">
      <subfield code="a">This paper collects a set of methodological aspects taken from the doctoral research of the author, which focuses on the construction of social identity in immigrant children at the Catalan coastal region of El Maresme (Spain). The author intends to contribute to the overcoming of methodological restrictions when conducting participant observation among children, which is strongly conditioned by an adult-centric power structure that mediates child-adult relationships in our culture, and considers children as unfinished, future-oriented versions of adults, or adults-in-the-making. Drawing on the author's own experiences this paper discusses some strategic practices that became extremely useful for building the rapport necessary to access these children's cultures and to understand children as an active and creative social group developing their own, and unique, systems of relations and meanings.</subfield>
   </datafield>
   <datafield tag="653" ind2=" " ind1=" ">
      <subfield code="a">Etnografía escolar</subfield>
   </datafield>
   <datafield tag="653" ind2=" " ind1=" ">
      <subfield code="a">Observación participante</subfield>
   </datafield>
   <datafield tag="653" ind2=" " ind1=" ">
      <subfield code="a">Educación primaria</subfield>
   </datafield>
   <datafield tag="653" ind2=" " ind1=" ">
      <subfield code="a">Culturas infantiles</subfield>
   </datafield>
   <datafield tag="653" ind2=" " ind1=" ">
      <subfield code="a">School Ethnography</subfield>
   </datafield>
   <datafield tag="653" ind2=" " ind1=" ">
      <subfield code="a">Participant Observation</subfield>
   </datafield>
   <datafield tag="653" ind2=" " ind1=" ">
      <subfield code="a">Primary School</subfield>
   </datafield>
   <datafield tag="653" ind2=" " ind1=" ">
      <subfield code="a">Childhood Cultures</subfield>
   </datafield>
   <datafield ind2="0" ind1="0" tag="245">
      <subfield code="a">La observación participante en primaria : ¿Un juego de niños? : Dificultades y oportunidades de acceso a los mundos infantiles</subfield>
   </datafield>
</record></metadata></record></GetRecord></OAI-PMH>